书目信息 |
| 题名: |
配位化学
|
|
| 作者: | 刘又年 , 周建良 主编 | |
| 分册: | ||
| 出版信息: | 北京 化学工业出版社 2012 |
|
| 页数: | 152页 | |
| 开本: | 26cm | |
| 丛书名: | ||
| 单 册: | ||
| 中图分类: | O641.4 | |
| 科图分类: | ||
| 主题词: | 络合物化学--高等学校--教材 , 络合物化学 | |
| 电子资源: | ||
| ISBN: | 978-7-122-14591-8 | |
| 000 | 01074nam0 2200301 450 | |
| 001 | 374 | |
| 005 | 20160905100319.85 | |
| 010 | @a978-7-122-14591-8@dCNY22.00 | |
| 090 | @aO641@blyn | |
| 096 | @aO641@blyn | |
| 100 | @a20140416d2006 em y0chiy50 ea | |
| 101 | 0 | @achi |
| 102 | @aCN@b110000 | |
| 105 | @ay z 000yy | |
| 200 | 1 | @a配位化学@9pei wei hua xue@b专著@f刘又年,周建良主编 |
| 210 | @a北京@c化学工业出版社@d2012 | |
| 215 | @a152页@d26cm | |
| 300 | @a高等学校教材 | |
| 312 | @a封面英文题名:Coordination chemistry | |
| 330 | @a本书从配合物的基本概念讲起,依次介绍了配合物的结构、性质与表征、合成方法以及金属有机化学;为了体现配位化学的应用性,第6章介绍了配合物在功能材料、生物医药、湿法冶金中的应用;最后一章介绍了配合物的晶体结构解析。 | |
| 510 | 1 | @aCoordination chemistry@zeng |
| 606 | 0 | @a络合物化学@x高等学校@j教材 |
| 606 | 0 | @a络合物化学 |
| 690 | @aO641.4@v5 | |
| 701 | 0 | @a刘又年@9liu you nian@f(1964~)@4主编 |
| 701 | 0 | @a周建良@9zhou jian liang@f(1965~)@4主编 |
| 801 | 0 | @aCN@b唐山师范学院图书馆@c20160721 |
| 905 | @aZUCC@dO641.4@e76 | |
| 配位化学/刘又年,周建良主编.-北京:化学工业出版社,2012 |
| 152页;26cm |
| 高等学校教材 |
| ISBN 978-7-122-14591-8:CNY22.00 |
| 本书从配合物的基本概念讲起,依次介绍了配合物的结构、性质与表征、合成方法以及金属有机化学;为了体现配位化学的应用性,第6章介绍了配合物在功能材料、生物医药、湿法冶金中的应用;最后一章介绍了配合物的晶体结构解析。 |
| ● |
| 相关链接 |
|
|
|
|
正题名:配位化学
索取号:O641.4/76
 
预约/预借
| 序号 | 登录号 | 条形码 | 馆藏地/架位号 | 状态 | 备注 |
| 1 | 901604 | 209016045 | 第二样本阅览室/ [索取号:O641.4/76] | 在馆 | |
| 2 | 901605 | 209016054 | 第三借阅区/ [索取号:O641.4/76] | 在馆 | |
| 3 | 901606 | 209016063 | 第三借阅区/ [索取号:O641.4/76] | 在馆 | |
| 4 | 901607 | 209016072 | 密集书库-化学系/ [索取号:O641.4/76] | 在馆 |